000 00589nam a22002177a 4500
003 FEu
005 20140310182810.0
008 130218t xxu||||| |||| 00| 0 eng d
020 _a9789712356070
050 _aLB 2157.P5
_b.L937 2010
100 _aLucido, Paz I. et.al.
245 _aField study 5 :
_bLearning assessment strategies /
_cPaz I. Lucido and Brenda B. Corpuz
260 _aManila ;
_bRex Book Store,
_c2010.
300 _a87 p. :
_c27 cm.
_bill. ;
521 _aEDU
562 _e3
942 _2lcc
_cBK
_kLOC
999 _c16148
_d16148